| 000 | 00575nam a2200193 i 4500 | ||
|---|---|---|---|
| 001 | 134664 | ||
| 003 | ES-MaACL | ||
| 005 | 20230906194723.0 | ||
| 007 | t| | ||
| 008 | 070912s1936 fr ||||1| fre d | ||
| 100 | 1 |
_aVeïdle, Vladimir Vasil'evich. _9113657 |
|
| 245 | 1 | 4 |
_aLes abeille d'Aristée _b: essay sur le destin actuel des lettres et des arts / _cWladimir Weidlé. |
| 260 |
_aParis : _bDesclée de Brouver, _c[1936] |
||
| 300 |
_a284 p. ; _c21 cm. |
||
| 490 | 1 | _aLes cles | |
| 830 | 0 |
_aLes cles _9219868 |
|
| 852 |
_aES-MaACL _jA-4648 |
||
| 999 |
_c134664 _d134664 |
||